| 000 | 01038cam a2200253 a 4500 | ||
|---|---|---|---|
| 001 | 000006673 | ||
| 005 | 20200929153955.0 | ||
| 008 | 881012s19uu sp b s000 0 spa | ||
| 020 | _a8400064224 | ||
| 040 |
_aDO-SdBNP _bspa _cBNPHU |
||
| 082 |
_a271.9 _bD948c |
||
| 100 | 1 |
_aDurán Gudiol, Antonio, _d1947- _918575 |
|
| 245 | 1 | 3 |
_aEl Castillo Abadía de Montearagón en los siglos XII y XIII / _cAntonio Duran Gudiol. |
| 260 |
_aZaragoza, España : _bDiputación Provincial, _c[198?]. |
||
| 300 |
_a214 p. ; _c22 cm. |
||
| 490 | 1 |
_aTemas aragoneses _vno. 59 |
|
| 490 | 1 |
_aPublicación de la Institución "Fernando el Católico" _vno. 1.077 |
|
| 504 | _aIncludes bibliographical references. | ||
| 610 | 2 | 4 |
_aCASTILLO ABADIA DE MONTEARAGÓN (ESPAÑA) _xHISTORIA _918576 |
| 651 | 4 |
_aMontearagón (España{Rpara} _xHistoria De La Iglesia _918577 |
|
| 710 | 2 |
_aInstitución Fernando el Católico _918578 |
|
| 830 | 0 |
_aTemas aragoneses ; _vno. 59. _918579 |
|
| 830 | 0 |
_aPublicación de la Institución "Fernando el Católico" ; _vno. 1077. _913716 |
|
| 999 |
_c6462 _d6462 |
||